Avustralya Ülke Testi - Statistics

General Stats
  • This quiz has been taken 165 times
  • The average score is 4 of 20
Answer Stats
Soru Cevap % Correct
En kalabalık şehir Sidney
90%
Avustralya’nın başkenti Kanberra
72%
Armanın üzerinde görünen hayvanlar Kanguru
54%
Avustralya anakarasının yerli halkı {Aborijin}Avustralyalılar
40%
En büyük ada Tazmanya
34%
26 Ocak’ta kutlanan tatil {Avustralya} Günü
25%
Q ile başlayan eyalet Queensland
18%
Hollandalı kaşif Abel Tasman'ın Avustralya’ya verdiği ad Yeni {Hollanda}
15%
Bazen dünyanın en zehirli yaratığı olduğu söylenir Kutu {Denizanası}
10%
Armanın üzerinde görünen hayvanlar Emu
8%
Ayers Rock olarak da bilinen önemli nokta Uluru
7%
Dünyanın en büyük mercan resifi Büyük {Set} Resifi
5%
Milli Marş Advance Australia {Fair}
3%
Güney Avustralya’nın Nullarbor Ovası’nda bundan hiç bulamazsın Ağaç
3%
Uçsuz bucaksız, uzak,Avustralya'nın iç bölgelerine verilen isim Outback
3%
Yeni Güney Galler aslen ...olarak kuruldu {Ceza} Kolonisi
2%
Ulusal değerli taş Opal
2%
Ekidne bir tür "tek delikli"dir.Diğeri nedir? Ornitorenk
1%
Yukarıdaki gibi, fakat uzak değil Taşra
1%
Ünlü bir maya özü markası Vegemite
1%
No matching quizzes found
Score Distribution
Percent of People with Each Score
Percentile by Number Answered
Your Score History
You have not taken this quiz